| 000 | 00692nam a22002057i 4500 | ||
|---|---|---|---|
| 999 |
_c22825 _d22825 |
||
| 003 | AR-CdUCM | ||
| 008 | 240410b20222022 ||||| |||| 00| 0 spa d | ||
| 020 | _a978-612-48107-6-3 | ||
| 040 |
_aMUNICIPALIDAD PROVINCIAL DEL CUSCO _cBIBLIOTECA MUNICIPAL DEL CUSCO |
||
| 082 |
_2segunda _a869.56 / R7816A _bR7816A |
||
| 100 |
_aRojas Loyola, Lis Geraldine. _949526 |
||
| 245 | _aLas aventuras de la señorita Anger / | ||
| 260 |
_aLima : _bL & R Consulting Corp. , _c2022 |
||
| 300 |
_a133 Páginas. : _c20 cm. |
||
| 650 |
_aLa Chascona _949538 |
||
| 650 |
_aEl mate de coca de 2 dólares _949539 |
||
| 650 |
_aEl bolívar que faltaba _949540 |
||
| 942 |
_2ddc _cLIBROS |
||
| 945 |
_apbj _d10-04-2024 |
||